| 000 | 00542nam a22001697a 4500 | ||
|---|---|---|---|
| 005 | 20140507104105.0 | ||
| 010 | _aENG-109832 | ||
| 020 |
_a9789383649082 _c795.00 |
||
| 035 | _aEN-93365 | ||
| 037 | _bDBAD/PUB | ||
| 245 | 0 | 0 |
_aRemembering Pyarelal : _cedited and compiled by D. C. Jha _bMahatma Gandhi's secretarty and biographer / |
| 260 |
_aNew Delhi _bKW Publishers _c2014 |
||
| 270 |
_a4676/21, First Floor, Ansari Road, Daryaganj, _bNew Delhi _e110002 |
||
| 300 |
_axxvii,250p. _c24cm(pbk) |
||
| 700 | _aJha, D.C. | ||
| 942 |
_2ddc _cEN _mJHA |
||
| 999 |
_c83859 _d83859 |
||